<?xml version="1.0" encoding="UTF-8"?>
<record
    xmlns:xsi="http://www.w3.org/2001/XMLSchema-instance"
    xsi:schemaLocation="http://www.loc.gov/MARC21/slim http://www.loc.gov/standards/marcxml/schema/MARC21slim.xsd"
    xmlns="http://www.loc.gov/MARC21/slim">

  <leader>01495nam a2200337 i 4500</leader>
  <controlfield tag="001">000000462401</controlfield>
  <controlfield tag="003">IT-MiSPE</controlfield>
  <controlfield tag="005">20250317093803.0</controlfield>
  <controlfield tag="008">240919s2024    it            001 0 ita d</controlfield>
  <datafield tag="020" ind1=" " ind2=" ">
    <subfield code="a">9788892244627</subfield>
    <subfield code="c">28,00 &#x20AC;</subfield>
  </datafield>
  <datafield tag="040" ind1=" " ind2=" ">
    <subfield code="a">IT-MiSPE</subfield>
    <subfield code="b">ita</subfield>
    <subfield code="d">IT-MiSPE</subfield>
    <subfield code="c">IT-MiSPE</subfield>
  </datafield>
  <datafield tag="082" ind1=" " ind2=" ">
    <subfield code="a">227.06-GRA ju di (ppv 23372)</subfield>
  </datafield>
  <datafield tag="100" ind1="1" ind2=" ">
    <subfield code="a">Granados Rojas, Juan Manuel,</subfield>
    <subfield code="c">s.j.,</subfield>
    <subfield code="d">1968-,</subfield>
    <subfield code="e">autore</subfield>
    <subfield code="9">61818</subfield>
  </datafield>
  <datafield tag="245" ind1="1" ind2="0">
    <subfield code="a">A difesa e conferma del Vangelo :</subfield>
    <subfield code="b">approcci metodologici per lo studio delle Lettere di Paolo /</subfield>
    <subfield code="c">Juan Manuel Granados Rojas.</subfield>
  </datafield>
  <datafield tag="264" ind1=" " ind2="4">
    <subfield code="c">&#xA9;2024.</subfield>
  </datafield>
  <datafield tag="264" ind1=" " ind2="1">
    <subfield code="a">Cinisello Balsamo (Milano) :</subfield>
    <subfield code="b">San Paolo,</subfield>
    <subfield code="c">[2024]</subfield>
  </datafield>
  <datafield tag="300" ind1=" " ind2=" ">
    <subfield code="a">202 p. ;</subfield>
    <subfield code="c">24 cm</subfield>
  </datafield>
  <datafield tag="336" ind1=" " ind2=" ">
    <subfield code="a">testo</subfield>
    <subfield code="b">txt</subfield>
    <subfield code="2">rdacontent</subfield>
  </datafield>
  <datafield tag="337" ind1=" " ind2=" ">
    <subfield code="a">senza mediazione</subfield>
    <subfield code="b">n</subfield>
    <subfield code="2">rdamedia</subfield>
  </datafield>
  <datafield tag="338" ind1=" " ind2=" ">
    <subfield code="a">volume</subfield>
    <subfield code="b">nc</subfield>
    <subfield code="2">rdacarrier</subfield>
  </datafield>
  <datafield tag="490" ind1="1" ind2=" ">
    <subfield code="a">Instrumenta ;</subfield>
    <subfield code="v">007</subfield>
  </datafield>
  <datafield tag="504" ind1=" " ind2=" ">
    <subfield code="a">Bibliografia (pagine [163]-181) e indici</subfield>
  </datafield>
  <datafield tag="630" ind1="0" ind2="4">
    <subfield code="a">Biblia</subfield>
    <subfield code="p">N.T.</subfield>
    <subfield code="p">Lettere di Paolo</subfield>
    <subfield code="x">Studio italiano.</subfield>
    <subfield code="9">61819</subfield>
  </datafield>
  <datafield tag="655" ind1=" " ind2="7">
    <subfield code="a">Sacra Scrittura. Studi sul Nuovo Testamento</subfield>
    <subfield code="x">Paolo: studi e teologia.</subfield>
    <subfield code="2">local</subfield>
    <subfield code="9">56750</subfield>
  </datafield>
  <datafield tag="655" ind1=" " ind2="7">
    <subfield code="a">Teologia dogmatica</subfield>
    <subfield code="x">Metodologia della Teologia - Ermeneutica.</subfield>
    <subfield code="2">local</subfield>
    <subfield code="9">61820</subfield>
  </datafield>
  <datafield tag="700" ind1="1" ind2="2">
    <subfield code="i">Contiene (opera)</subfield>
    <subfield code="a">Granados Rojas, Juan Manuel,</subfield>
    <subfield code="c">s.j.,</subfield>
    <subfield code="d">1968-</subfield>
    <subfield code="t">A difesa e conferma del Vangelo.</subfield>
    <subfield code="9">61821</subfield>
  </datafield>
  <datafield tag="700" ind1="1" ind2="2">
    <subfield code="i">Contiene (espressione)</subfield>
    <subfield code="a">Granados Rojas, Juan Manuel,</subfield>
    <subfield code="c">s.j.,</subfield>
    <subfield code="d">1968-</subfield>
    <subfield code="t">A difesa e conferma del Vangelo.</subfield>
    <subfield code="l">Italiano.</subfield>
    <subfield code="9">61822</subfield>
  </datafield>
  <datafield tag="830" ind1=" " ind2="0">
    <subfield code="a">Instrumenta [San Paolo] ;</subfield>
    <subfield code="v">007.</subfield>
    <subfield code="9">61823</subfield>
  </datafield>
  <datafield tag="942" ind1=" " ind2=" ">
    <subfield code="2">ddc</subfield>
    <subfield code="c">BK</subfield>
  </datafield>
  <datafield tag="999" ind1=" " ind2=" ">
    <subfield code="c">360429</subfield>
    <subfield code="d">360429</subfield>
  </datafield>
  <datafield tag="952" ind1=" " ind2=" ">
    <subfield code="0">0</subfield>
    <subfield code="1">0</subfield>
    <subfield code="2">ddc</subfield>
    <subfield code="4">0</subfield>
    <subfield code="6">227_000000000000000_06GRA_JU_DI_PPV_23372</subfield>
    <subfield code="7">1</subfield>
    <subfield code="a">CINISELLO</subfield>
    <subfield code="b">CINISELLO</subfield>
    <subfield code="d">2025-03-17</subfield>
    <subfield code="l">0</subfield>
    <subfield code="o">227.06-GRA ju di (ppv 23372)</subfield>
    <subfield code="p">9788892244627</subfield>
    <subfield code="r">2025-03-17 09:38:40</subfield>
    <subfield code="w">2025-03-17</subfield>
    <subfield code="y">BK</subfield>
  </datafield>
</record>
